000 00325nam a22001457a 4500
020 _a81-8482-567-4
082 _a823
_bTAL/G
100 _aTALIM, MEENA
245 _aASHOKA
_bSHORT STORY
260 _aMUMBAI
_bAMAR CHITRA KATHA PVT LTD
_c2018
300 _a32
520 _aSHORT STORY
650 _aSHORT STORY
942 _cBK
999 _c3727
_d3727